Statistics for 2023 MotoGP Riders

Click here to take the quiz!

General Stats

  • This quiz has been taken 233 times
  • The average score is 19 of 22

Answer Stats

TeamNumberAnswer% Correct
Repsol Honda Team93Marc Marquez
99%
Gresini Racing MotoGP73Alex Marquez
97%
Monster Energy Yamaha MotoGP20Fabio Quartararo
97%
Ducati Lenovo Team63Francesco Bagnaia
96%
Red Bull KTM Factory Racing33Brad Binder
94%
Prima Pramac Racing89Jorge Martin
92%
Aprilia Racing41Aleix Espargaro
91%
Red Bull KTM Factory Racing43Jack Miller
91%
Prima Pramac Racing5Johann Zarco
91%
Tech3 GASGAS Factory Racing44Pol Espargaro
91%
Monster Energy Yamaha MotoGP21Franco Morbidelli
90%
Repsol Honda Team36Joan Mir
89%
Mooney VR46 Racing Team72Marco Bezzecchi
89%
Aprilia Racing12Maverick Viñales
89%
Mooney VR46 Racing Team10
Luca Marini
87%
LCR Honda42Alex Rins
86%
Ducati Lenovo Team
23
Enea Bastianini
85%
LCR Honda30Takaaki Nakagami
84%
Tech3 GASGAS Factory Racing37Augusto Fernandez
78%
RNF MotoGP Team25
Raul Fernandez
78%
RNF MotoGP Team88Miguel Oliveira
77%
Gresini Racing MotoGP49Fabio DiGiannantonio
75%

Score Distribution

Percentile by Number Answered

Percent of People with Each Score

Your Score History

You have not taken this quiz